1771 1625 1080 1178 1254 1091 1365 1235 1168 1252 1133 1568 1495 1956 1695 1063 1076 1419 1271 1601 1417 1326 1722 1349 1495 1440 1809 1148 1582 1062 1347 1744 1813 1581 1760 1609 1874 1960 1496 1486 1911 1620 1935 1024 1872 1794 1211 1643 1699 1109 1406 1637 1654 1875 1905 1141 1287 1536 1530 1738 1647 1621 1068 1884 1488 1226 1711 1173 1459 1515 1409 1180 1418 1919 1276 1350 1187 1782 1234 1022 1658 1616 1112 1733 1838 1935 1904 1944 1831 1269 1518 1030 1589 1961 1478 1546 1232 1503 1951 BCNSPRNW ULIB Ver.6.0+V

เปลี่ยนเป็นภาษาไทย

Change to English
 แสดงรายละเอียดบรรณานุกรม
  กลับหน้าหลัก

Brief Record : Get Marc (ISO 2709) : E-mail record : QR code < ปิดหน้าต่าง
LEADER : 00000nam 2200000uu 4500
001    13399111289
003     ULIB
008    110622s2544||||th 000 0 tha d
020    9746653431
060 04 WA20.5^bพ721ค 2544
100 0  พิพัฒน์ ลักษมีจรัลกุล
245 10 เครื่องมือการวิจัย :เครื่องมือเก็บรวบรวมข้อมูลทางวิทยาศาสตร์สุขภาพ =^bResearchtools for data collection in health science /^cพิพัฒน์ ลักษมีกุล
246 31 Research tools for data collection in health science
250    พิมพ์ครั้งที่ 1
260    กรุงเทพฯ :^bภาควิชาจุลชีววิทยา คณะสาธารณสุขศาสตร์มหาวิทยาลัยมหิดล,^c2544
300    1 ล. (หน้าไม่เรียงลำดับ) :^c26 ซม.
650  7 แบบสอบถาม
650  7 วิจัย
650  7 วิจัย^xเครื่องมือ
710  2 มหาวิทยาลัยมหิดล. ^bคณะสาธารณสุขศาสตร์.^bภาควิชาจุลชีววิทยา
945    ^p160^l0^i9952
945    ^p160^l0^i10745
945    ^p160^l0^i10746
945    ^p160^l0^i10747
945    ^p160^l0^i10748
995     เกษร
999    ^aใช้งานได้ทุกระบบ
รายการนี้ยังไม่มีแท็ก
คุณยังไม่ได้ล็อกอิน คุณสามารถมีกิจกรรมร่วมกับเว็บไซต์ได้ แต่ต้องล็อกอินก่อน ::
  ล็อกอิน

รายการสื่อสารสนเทศ

ลำดับที่ ประเภท เลขเรียก/บาร์โค้ด สถานที่ สถานะ
- ไม่พบข้อมูล -

รายการใกล้เคียง
    ผู้แต่ง [พิพัฒน์ ลักษมีจรัลกุล]

    หัวเรื่อง [แบบสอบถาม]
    หัวเรื่อง [วิจัย]
    หัวเรื่อง [วิจัย เครื่องมือ]

BibComment


ยังไม่เคยถูกคอมเมนท์

คอมเมนท์ทรัพยากรรายการนี้
  คอมเมนท์: เครื่องมือการวิจั..


 Copyright 2026. Bcnsprnw @Library